| 000 | 00525nam a2200181Ia 4500 | ||
|---|---|---|---|
| 003 | OSt | ||
| 005 | 20191223124037.0 | ||
| 008 | 190216s9999||||xx |||||||||||||| ||und|| | ||
| 040 | _coclc | ||
| 082 |
_a336.73 _bCAU/P |
||
| 100 |
_aCauvery, R _9493 |
||
| 245 | 0 |
_aPublic Finance / _cR Cauvery ; Sudha Nayak ; M Girija ; N Kruparani |
|
| 250 | _a2nd ed. | ||
| 260 |
_bS Chand & Company, _c1998. _aNew Delhi: |
||
| 300 | _a356p | ||
| 650 | _aEconomics | ||
| 942 |
_cBK _2ddc _h336.73 _iCAU/P _k336.73 _mCAU/P |
||
| 999 |
_c10095 _d10095 |
||